LEADER 01574nam0-22004331i-450- 001 990005508860203316 005 20030226120000.0 035 $a000550886 035 $aUSA01000550886 035 $a(ALEPH)000550886USA01 035 $a000550886 100 $a20030226d2001-------|0itac50------ba 101 $aita 102 $aIT 105 $a|||| ||||| 200 1 $a<> problema delle abitazioni$elezioni tenute all'Università Commerciale Luiigi Bocconi dal 26 aprile al 2 maggio 1920$fLuigi Einaudi 210 $aRist. anast. [Roma]$cConfedilizia edizioni$dstampa 2001 215 $a302 p.$d19 c 225 2$aBiblioteca di scienze economiche 300 $ain testa al fron. : Biblioteca di scienze economiche 300 $aRip. dell'ed. : F.lli Treves, 1920 410 1$12001$aBiblioteca di scienze economiche 606 $aAbitazioni$xMercato$xItalia$x1920$2FI 606 $aEdilizia residenziale$xItalia$2FI 620 $dRoma 676 $a333.3380945$cTrasferimento del possesso e del diritto all'uso della terra, edifici ed altre strutture edifici residenziali . Italia$v21 700 1$aEINAUDI,$bLuigi$0319569 712 $aConfedilizia editori 801 $aIT$bSOL$c20120104 912 $a990005508860203316 950 $aDIP.TO SCIENZE ECONOMICHE - (SA)$dDS 300 333.3380945 EIN$e268 DISES 951 $a300 333.3380945 EIN$b268 DISES 959 $aBK 969 $aDISES 979 $c20121027$lUSA01$h1532 979 $c20121027$lUSA01$h1613 996 $aProblema delle abitazioni$9286347 997 $aUNISA NUM $aUSA11788 LEADER 02705oam 2200637I 450 001 9910787724803321 005 20230617013433.0 010 $a1-135-48991-2 010 $a1-135-48984-X 010 $a0-203-95922-1 024 7 $a10.4324/9780203959220 035 $a(CKB)2670000000518654 035 $a(EBL)1619106 035 $a(SSID)ssj0001108546 035 $a(PQKBManifestationID)11717335 035 $a(PQKBTitleCode)TC0001108546 035 $a(PQKBWorkID)11086695 035 $a(PQKB)11012938 035 $a(OCoLC)874173072 035 $a(MiAaPQ)EBC1619106 035 $a(OCoLC)870272=776 035 $a(EXLCZ)992670000000518654 100 $a20180706d2005 uy 0 101 0 $aeng 135 $aur|n|---||||| 181 $ctxt 182 $cc 183 $acr 200 10$a"No image there and the gaze remains" $ethe visual in the work of Jorie Graham /$fatherine Sona Karagueuzian 210 1$aNew York :$cRoutledge,$d2005. 215 $a1 online resource (223 p.) 225 1 $aStudies in Major Literary Authors 300 $aDescription based upon print version of record. 311 $a0-415-86720-7 311 $a0-415-97532-8 320 $aIncludes bibliographical references and index. 327 $aCover; Title Page; Copyright Page; Dedication; Table of Contents; Acknowledgments; Chapter One Jorie Graham as Twenty-First Century Modernist; Chapter Two The Impact of the Poet's Eye upon the World and the Word: Hybrids of Plants and of Ghosts and Erosion; Chapter Three Self-Portrait and Autobiographical Vision: The End of Beauty and Region of Unlikeness; Chapter Four The Impenetrable World and the Poet's Frustrated Vision: Materialism and The Errancy; Chapter Five Linguistic Economy, Abstemiousness, and the Return to the Natural World: Swarm and Never; Notes; Bibliography; Index 330 $aFirst Published in 2006. Routledge is an imprint of Taylor & Francis, an informa company. 410 0$aStudies in major literary authors (Unnumbered) 606 $aDescription (Rhetoric)$xHistory$y20th century 606 $aPsychoanalysis and literature$zUnited States 606 $aModernism (Literature)$zUnited States 606 $aVisual perception in literature 615 0$aDescription (Rhetoric)$xHistory 615 0$aPsychoanalysis and literature 615 0$aModernism (Literature) 615 0$aVisual perception in literature. 676 $a811/.54 700 $aKaragueuzian$b Catherine Sona$f1969-,$01498815 801 0$bMiAaPQ 801 1$bMiAaPQ 801 2$bMiAaPQ 906 $aBOOK 912 $a9910787724803321 996 $a"No image there and the gaze remains"$93724455 997 $aUNINA